Nuevos sistemas de formación docente para la educación básica en un nuevo siglo : (Record no. 164403)
[ view plain ]
| 000 -CABECERA | |
|---|---|
| campo de control de longitud fija | 00934nam a2200229 u 4500 |
| 005 - FECHA Y HORA DE LA ÚLTIMA TRANSACCIÓN | |
| campo de control | 20260319064224.0 |
| 008 - ELEMENTOS DE LONGITUD FIJA--INFORMACIÓN GENERAL | |
| campo de control de longitud fija | 130815s2002 r 000 0 eng d |
| 020 ## - NÚMERO INTERNACIONAL NORMALIZADO PARA LIBROS | |
| Número Internacional Estándar del Libro | 9686148558 |
| 035 ## - NÚMERO DE CONTROL DEL SISTEMA | |
| Número de control de sistema | UPN01000192300 |
| 049 ## - COLECCIÓN | |
| Colección | CG |
| 050 #4 - SIGNATURA TOPOGRÁFICA DE LA BIBLIOTECA DEL CONGRESO | |
| Número de clasificación | LB1776.4 M6 |
| Número de documento/Ítem | N8.3 |
| 245 00 - MENCIÓN DE TÍTULO | |
| Título | Nuevos sistemas de formación docente para la educación básica en un nuevo siglo : |
| Resto del título | estrategia interinstitucional / |
| Mención de responsabilidad, etc. | coord. Isaías Alvarez García ; Amelia Rebeca de los Santos Quintanilla ...[et al.]. |
| 260 ## - PUBLICACIÓN, DISTRIBUCIÓN, ETC. | |
| Lugar de publicación, distribución, etc. | México : |
| Nombre del editor, distribuidor, etc. | Taller Abierto, |
| Fecha de publicación, distribución, etc. | 2002. |
| 300 ## - DESCRIPCIÓN FÍSICA | |
| Extensión | 234 p. : |
| Otras características físicas | cuadros |
| 650 #4 - ASIENTO SECUNDARIO DE MATERIA - TERMINO TEMATICO | |
| Término de materia o nombre geográfico como elemento de entrada | Maestros de escuela primaria |
| Subdivisión general | Formación profesional |
| Subdivisión geográfica | México |
| 9 (RLIN) | 4213 |
| 650 #4 - ASIENTO SECUNDARIO DE MATERIA - TERMINO TEMATICO | |
| Término de materia o nombre geográfico como elemento de entrada | Maestros |
| Subdivisión general | Exámenes y certificación |
| 9 (RLIN) | 761 |
| 650 #4 - ASIENTO SECUNDARIO DE MATERIA - TERMINO TEMATICO | |
| Término de materia o nombre geográfico como elemento de entrada | Educación |
| Subdivisión general | Planificación |
| Subdivisión geográfica | México |
| 9 (RLIN) | 13915 |
| 700 1# - ASIENTO SECUNDARIO--NOMBRE DE PERSONAL | |
| Nombre de persona | Alvarez García, Isaías, |
| Término indicativo de función/relación | coord. |
| 9 (RLIN) | 30729 |
| 700 1# - ASIENTO SECUNDARIO--NOMBRE DE PERSONAL | |
| Nombre de persona | Santos Quintanilla, Amelia Rebeca de los, |
| Término indicativo de función/relación | coaut. |
| 9 (RLIN) | 41008 |
| 905 ## - TIPO DE MATERIAL | |
| Tipo de material | Libro |
| Estado de retiro | Estado de pérdida | Fuente del sistema de clasificación o colocación | Estado dañado | No para préstamo | Código de colección | Localización permanente | Ubicación/localización actual | Ubicación en estantería | Total de préstamos | Clasificación | Código de barras | Fecha visto por última vez | Número de copia | Tipo de ítem Koha |
|---|---|---|---|---|---|---|---|---|---|---|---|---|---|---|
| Library of Congress Classification | Colección General | Bib. Gregorio Torres Quintero | Bib. Gregorio Torres Quintero | Planta baja | 8 | LB1776.4 M6 N8.3 | 289571 | 31/12/2020 | 1 | Libro |
